000 00605nam a2200205 a 4500
003 PILC
005 20150826144525.0
008 040916s19uu xx 00 eng d
050 _aT 385
_b.C932 2003
100 _aCrisostomo, Conchita C.
245 _aPresentation graphics /
_cConchita C. Crisostomo, Ricky L. Adorna.
250 _a2nd edition.
260 _aManila :
_b3K-IT Educational Services,
_c2003.
300 _a116 pages :
_billustrations ;
_c23 cm.
650 _aComputer graphics.
700 _aAdorna, Ricky L., jt. aut.
942 _cBK
_2lcc
_kLOC
999 _c20726
_d20726